000 00448nam a2200157Ia 4500
008 210210b1986 xxu||||| |||| 00| 0 eng d
082 _a796.068 TIRT
100 _aTIRUNARAYANAN (C) and HARIHARASARMA (S).
245 _aTrack and field: planning, construction, and maintenance. Ed 13.
250 _a
260 _aIndia.
_bL P E.,
_c1986
300 _avi,163
650 _aTrack, Field
690 _aAthletic & Outdoor Sports
906 _a040343
999 _c90093
_d90093